000
00206 a2200097 4500
001
59947
100
_a
245
_a
An invitation to fly
260
_a
California
_b
Wordsworth
_c
1982
090
_c
36787
_d
36787
942
_a
NUST-CAE
_c
_c
29765
999
_c
295020
_d
295020